| 000 | 01516nam a2200289Ia 4500 | ||
|---|---|---|---|
| 999 |
_c54181 _d54181 |
||
| 001 | 21237 | ||
| 003 | GE_BSU | ||
| 005 | 20211007112344.0 | ||
| 008 | 181216s2016||||ge |||||||||||||| ||geo|| | ||
| 010 | _a9789941243769 | ||
| 040 | _cGE_BSU | ||
| 041 | _ageo | ||
| 080 | _a339.138 რ-18 | ||
| 100 |
_aრაისი, ელ _912604 |
||
| 245 |
_aმარკეტინგული ომები / _cელ რაისი & ჯეკ ტრაუტი ; დავით ახალაძის თარგმანი ; რედაქტორი ლია შარვაშიძე ; კომენტარები ილუსტრაციისათვის თარგმნა ანა აფციაურმა ; დიზაინერი გიორგი ლეჟავა. |
||
| 264 |
_aთბილისი : _bპალიტრა L, _c2016. |
||
| 300 |
_a240 გვ. : _bილ. ; _c22 სმ. |
||
| 490 | _aლურჯი ოკეანე | ||
| 520 | _aეძღვნება მარკეტინგის სტრატეგს კარლ ფონ კლაუზევიცს | ||
| 541 | _h11ლ.10თ. | ||
| 653 | _aეკონომიკა | ||
| 653 | _aმარკეტინგი | ||
| 653 | _aკონკურენცია | ||
| 700 |
_aახალაძე, დავით _eმთარგმნელი _912605 |
||
| 700 |
_aშარვაშიძე, ლია _eრედაქტორი _95787 |
||
| 942 |
_cBK _2udc |
||